| 000 | 01147cam a22001934a 4500 | ||
|---|---|---|---|
| 005 | 20250605164105.0 | ||
| 008 | 250528s ||||||||||||||||||||||||d | ||
| 035 | _a17691 | ||
| 020 | _a9780735611313 | ||
| 040 |
_aGR-AtMCL _bgre _dGR-AtMCL _eAACR2 |
||
| 245 | 1 | _aCODE / Hidden Language of Computer Hardware and Software | |
| 260 |
_bMicrosoftpress, _c2000 |
||
| 300 | _a396 | ||
| 520 | _a(A) gem that appeal to anyone who wants to understand computer technology as its essence. Preface, Best Friends, Codes and Combinations, Braile and Binary Codes, Anatomy of a Flashlight, Seeing Around Corners, Our Ten Digits, Alternatives to Ten, Bit by Bit by Bit, Logic and Switches, Gates (Not Bill), A Binary Adding Machine, But What About Subtraction, Feedback and Flip-Flops, Bytes and Hex, An Assemblage of Memory, Automation, From Abaci to Chips, Two Classic Microprocessors, ASCII and a Cast of Characters, Get on the Bus, The Operating System, Fixed Point and Floating Point, Languages High and Low, The Graphical Revolution, Acknowledgements, Index. | ||
| 700 | 1 |
_aPetzold Charles _93869 |
|
| 942 | _cBK | ||
| 999 |
_c3093 _d3093 |
||